<?xml version="1.0" encoding="UTF-8"?><?xml-stylesheet type="text/xsl" href="static/style.xsl"?><OAI-PMH xmlns="http://www.openarchives.org/OAI/2.0/" xmlns:xsi="http://www.w3.org/2001/XMLSchema-instance" xsi:schemaLocation="http://www.openarchives.org/OAI/2.0/ http://www.openarchives.org/OAI/2.0/OAI-PMH.xsd"><responseDate>2026-04-13T04:57:36Z</responseDate><request verb="GetRecord" identifier="oai:www.recercat.cat:2117/109434" metadataPrefix="marc">https://recercat.cat/oai/request</request><GetRecord><record><header><identifier>oai:recercat.cat:2117/109434</identifier><datestamp>2025-07-17T15:18:51Z</datestamp><setSpec>com_2072_1033</setSpec><setSpec>col_2072_452951</setSpec></header><metadata><record xmlns="http://www.loc.gov/MARC21/slim" xmlns:dcterms="http://purl.org/dc/terms/" xmlns:xsi="http://www.w3.org/2001/XMLSchema-instance" xmlns:doc="http://www.lyncode.com/xoai" xsi:schemaLocation="http://www.loc.gov/MARC21/slim http://www.loc.gov/standards/marcxml/schema/MARC21slim.xsd">
   <leader>00925njm 22002777a 4500</leader>
   <datafield ind2=" " ind1=" " tag="042">
      <subfield code="a">dc</subfield>
   </datafield>
   <datafield ind2=" " ind1=" " tag="720">
      <subfield code="a">Moreno Duran, Albert</subfield>
      <subfield code="e">author</subfield>
   </datafield>
   <datafield ind2=" " ind1=" " tag="260">
      <subfield code="c">2016-09</subfield>
   </datafield>
   <datafield ind2=" " ind1=" " tag="520">
      <subfield code="a">L’objecte d’aquest Projecte Final de Carrera és una màquina de llançar plats per a la pràctica del tir. És a dir, és un equipament lúdic.&#xd;
Aquest estudi s’ha tractat des d’una òptica del disseny de màquines, on s’ha procurat posar atenció principalment a:&#xd;
Determinació acurada de la sol·licitació de la màquina: a partir de les equacions del moviment s’ha elaborat un model per descriure com funciona l’òrgan principal d’impulsió del plat&#xd;
S’han calculat i redissenyat els elements principals dels òrgans d’impulsió i de recàrrega&#xd;
 S’han avaluat alternatives de disseny de diferents fabricants&#xd;
És important remarcar que s’ha tingut accés a unes instal·lacions de tir properes a Barcelona que han aportat:&#xd;
Comprovar in situ el funcionament de les màquines&#xd;
Disposen de dos models de fabricants diferents&#xd;
... i això ha contribuït a entendre amb més detall diferents solucions de disseny.&#xd;
S’ha incorporat també les referències del reglament oficial de tir que delimiten com han de ser les instal·lacions de tir i quina mena de prestacions o característiques han de tenir aquestes màquines.</subfield>
   </datafield>
   <datafield tag="653" ind2=" " ind1=" ">
      <subfield code="a">Àrees temàtiques de la UPC::Enginyeria mecànica</subfield>
   </datafield>
   <datafield tag="653" ind2=" " ind1=" ">
      <subfield code="a">Mechanical engineering</subfield>
   </datafield>
   <datafield tag="653" ind2=" " ind1=" ">
      <subfield code="a">Enginyeria mecànica</subfield>
   </datafield>
   <datafield ind2="0" ind1="0" tag="245">
      <subfield code="a">Màquina de llançar plats per al tir olímpic</subfield>
   </datafield>
</record></metadata></record></GetRecord></OAI-PMH>